| 000 | 00757nam a22001935i 4500 | ||
|---|---|---|---|
| 001 | 169001 | ||
| 003 | ES-MaACL | ||
| 005 | 20231206063254.0 | ||
| 008 | 080721s1935 sp |||| | spa d | ||
| 100 | 1 |
_aVives, Amadeo, _d1871-1932 _9115566 |
|
| 245 | 1 | 0 |
_aMaruxa [ _hmúsica impresa] _b: comedia lírica en dos actos : partitura / _cletra de Luis P. Frutos ; música de Amadeo Vives. |
| 260 |
_aMadrid : _bUnión Musical Española, _c[1935] |
||
| 300 |
_a1 partitura vocal (260 p.) ; _c31 cm. |
||
| 650 | 1 | 4 |
_aZarzuelas- _xPartituras vocales. _9138109 |
| 700 | 1 |
_aPascual Frutos, Luis. _9138110 |
|
| 700 | 1 |
_aVives, Amadeo, _d1871-1932 _9115566 |
|
| 852 | 4 |
_aES-MaACL _jL-29322 _z.- Biblioteca Jacinto Martínez Lacalle |
|
| 999 |
_c169001 _d169001 |
||